Introduzione allo studio della religione egiziana /

محفوظ في:

المؤلف الرئيسي: Rachewiltz, Boris de (مؤلف)

مؤلف مشترك: Comitato Internazionale per l'Unità e l'Universalità della Cultura.

التنسيق: كتاب

اللغة: Italian

منشور في: Roma : Editrice Internazionale di Cultura, 1954.

سلاسل: Collana di studi egittologici ; 3.

الموضوعات:

الوسوم: إضافة وسم

لا توجد وسوم, كن أول من يضع وسما على هذه التسجيلة!

رقم الطلب: BL2441 .R2 1954

LEADER 00937nam a22002771 4500
001 1223
003 OSt
005 20250929064355.0
008 130303s1954 it a 000 0 ita d
035 |a tmp00546791 
040 |c ARCE Library 
043 |a f-ua--- 
050 4 |a BL2441 .R2 1954 
100 1 |a Rachewiltz, Boris de,   |e author,   |9 38070 
245 1 0 |a Introduzione allo studio della religione egiziana /  |c Boris de Rachewiltz. 
264 1 |a Roma :   |b Editrice Internazionale di Cultura,   |c 1954. 
300 |a 70 pages ;   |c 22 cm. 
490 1 |a Collana di studi egittologici ;   |v 3. 
500 |a At head of title : Comitato Internazionale per l'Unità e l'Universalità della Cultura. 
650 0 |a Egyptology. 
651 0 |a Egypt  |x Religion. 
710 2 |a Comitato Internazionale per l'Unità e l'Universalità della Cultura. 
830 0 |a Collana di studi egittologici ;   |v 3. 
901 |a reviewed 
942 |c BK  |2 lcc 
999 |c 387  |d 387